000 00587nam a2200217 i 4500
001 55135
003 ES-MaACL
005 20250911062641.0
007 t|
008 030912s1985 sp ||||1| spa d
020 _a84-233-1407-3
100 1 _aDelibes, Miguel,
_d1920-2010
_9233557
245 1 3 _aEl tesoro /
_cMiguel Delibes.
250 _a[1ª ed.].
260 _aBarcelona :
_bDestino,
_c1985.
300 _a127 p. ;
_c22 cm.
490 1 _aAncora y delfín ;
_v590
830 0 0 _aÁncora y Delfín
_v590
_9151298
852 _aES-MaACL
_jL-9500
_bR.110519
999 _c55135
_d55135